| 000 | 00628nam a22002417a 4500 | ||
|---|---|---|---|
| 003 | UA-OsUOA | ||
| 001 | 65695 | ||
| 007 | ta | ||
| 008 | 20091207b un ||||| |||| 00| 0 ukr d | ||
| 100 | _aСеменко М. | ||
| 090 |
_a821.161.2-1 _bС30 |
||
| 942 | _cBK | ||
| 040 |
_aUA-OsUOA _bukr _cUA-OsUOA _dUA-OsUOA |
||
| 245 |
_aPrelude _bЛірика |
||
| 300 | _a56 с. | ||
| 955 | _a2 | ||
| 041 | _aukr | ||
| 080 | _a821.161.2-1 | ||
| 020 | _a978-966-2082-00-5 | ||
| 260 |
_aК. _bУспіх і кар'єра _c2007 |
||
| 650 | 7 |
_a82 Література. Літературознавство _2UDC |
|
| 999 |
_c351878 _d351878 |
||